000
00309nam a22001337a 4500
008
171027b xxu||||| |||| 00| 0 eng d
020
_a
0133158209
041
_a
eng
080
_2
5 ED
_a
336
100
_a
55
101
_a
MEN
245
_a
FINANCIAL MANAGEMENT AND POLICY
_c
HORNE.J.C.V
942
_2
udc
_c
BK
999
_c
36081
_d
36081